Plant resources of South-East Asia : Basic list of species and commodity grouping. Final version

Shranjeno v:
Bibliografske podrobnosti
Format: Knjiga
Jezik:Undetermined
Izdano: Indonesia Prosea Foundation 1993
Teme:
Oznake: Označite
Brez oznak, prvi označite!
Thư viện lưu trữ: Trung tâm Học liệu Trường Đại học Cần Thơ
LEADER 00512nam a2200181Ia 4500
001 CTU_29965
008 210402s9999 xx 000 0 und d
082 |a 581 
082 |b P966 
245 0 |a Plant resources of South-East Asia : 
245 0 |b Basic list of species and commodity grouping. Final version 
260 |a Indonesia 
260 |b Prosea Foundation 
260 |c 1993 
650 |a Plants 
650 |x Classification 
904 |i Liên 
980 |a Trung tâm Học liệu Trường Đại học Cần Thơ